| 000 | 03326nam a2200289 i 4500 | ||
|---|---|---|---|
| 001 | 103554 | ||
| 003 | ES-MaACL | ||
| 005 | 20250905123854.0 | ||
| 007 | t| | ||
| 008 | 931025m18521853sp e |||| |dspa d | ||
| 080 | _a(031) | ||
| 245 | 0 | 3 |
_aLa escuela del pueblo : _bpáginas de enseñanza universal, seguidas de una recopilación de las obras más selectas que se hayan escrito y escriban en todos los países para perfeccionar el entendimiento humano / _csu director, Wenceslao Ayguals de Izco. |
| 260 |
_aMadrid : _b[s.n.], _c1852-1853 ( _fImp. de Ayguals de Izco Hermanos) |
||
| 300 |
_a14 t. en 9 v. ; _c16 cm. |
||
| 505 | 8 | _aContiene: I. El arte de estudiar. Compendio de la gramática española. Lecciones de literatura y preceptos de elocuencia. Mitología. Lecciones de moral. Colección de máximas morales. La moral en acción. Principios de buena sociedad - II. Aritmética. Geografía general. Compendio de historia natural. Geometría elemental. Ciento y una maravillas de la naturaleza y del arte. Maravillas del interior de la tierra y de su origen. De las causas de las revoluciones del Globo - III. Fenómenos de la atmósfera. Astronomía. Física recreativa. Trozos selectos de los estudios sobre la naturaleza. Compendio de Bufón. Química recreativa. Botánica en miniatura. Mineralogía en compendio - IV. Historia del pueblo hebreo. Historia antigua. Historia de la República romana. Historia de la ciudad de Cartago desde su fundación hasta la invasión de los vándalos en el África / escrita en francés por Dureau de la Malle y J. Yanoski ; trad... por Vicente Diez Canseco - V. [Continuación del v. IV] - VI. Historia de los emperadores romanos desde Augusto hasta la caída de Augustulo. Historia del Bajo-Imperio y de los emperadores romanos de Oriente, desde Arcadio hasta la toma de Constantinopla por los turcos, e historia de las Cruzadas. Compendio de la historia de España / escrita en francés por P. Duchesne ; trad... por José Francisco de Isla... continuada hasta doña Isabel II - VII. [Continuación del v. VI] - VIII. Historia de Portugal. Historia de las Galias. Historia de Francia - IX. Historia de Italia. Historia de Alemania. Historia de Inglaterra. Historia de Prusia. Historia de Polonia - X. Historia de Dinamarca, de Suecia y Noruega. Historia de Rusia. Historia de los árabes y turcos. Historia de los establecimientos de los europeos en las Indias Orientales. Historia del descubrimiento de la América. Historia de las provincias unidas del Río de la Plata y del Paraguay - XI. Historia de la República de los Estados Unidos. Economía política. Economía doméstica. Teneduría de libros por partida doble. Arte heráldica o ciencia del blasón - XII-XIV. Teatro crítico universal... / Benito Gerónimo Feijoó | |
| 650 | 4 |
_aAnarquismo- _zEspaña- _vEnciclopedias. _99795 |
|
| 650 | 4 |
_aEnciclopedias. _912235 |
|
| 700 | 1 |
_aAyguals de Izco, Wenceslao, _d1801-1873 _9125761 |
|
| 700 | 1 |
_aDureau de La Malle, Adolphe. _946285 |
|
| 700 | 1 |
_aYanoski, Jean. _9117561 |
|
| 700 | 1 |
_aDíez Canseco, Vicente. _944689 |
|
| 700 | 1 |
_aDuchesne, Jean-Baptiste-Philoppoteau. _945828 |
|
| 700 | 1 |
_aIsla, José Francisco de. _965573 |
|
| 700 | 1 |
_aFeijoo, Benito Jerónimo, _d1676-1764 _949105 |
|
| 852 | 4 |
_aES-MaACL _jD-2772-80 |
|
| 999 |
_c103554 _d103554 |
||